| Поле | Инд. | ПП | Название | Значение |
|---|---|---|---|---|
| Тип записи | m | |||
| Библиографический уровень | m | |||
| 001 | Контрольный номер | 0c8f3414ddf0443dbbc7d990d15a2b3d | ||
| 005 | Дата корректировки | 20260317112511.4 | ||
| 008 | Кодируемые данные | 260312|||||||||ru |||||||||||||||||rus|| | ||
| 020 | a | ISBN | 978-5-907905-62-7 | |
| 041 | 0_ | a | Код языка текста | rus |
| 084 | a | Индекс другой классификации/Индекс ББК | 67.00я73 | |
| 100 | 1_ | a | Автор | Яшин А. Н. |
| 203 | a | Вид содержания | Текст | |
| c | Тип средства | электронный | ||
| 245 | 10 | a | Заглавие | Философия правосудия: историко-правовой аспект |
| b | Продолж. заглавия | учебное пособие для обучающихся направлений подготовки 40.04.01 "Юриспруденция" (магистратура) и специальности 5.7.2 "История философии" (аспирантура) | ||
| c | Ответственность | Министерство науки и высшего образования Российской Федерации, Федеральное государственное автономное образовательное учреждение высшего образования "Мурманский арктический университет" | ||
| h | Физич. носитель | Электронный ресурс | ||
| 250 | a | Основные сведения об издании | Учебное электронное издание | |
| 256 | a | Характеристики компьютерного файла | Электрон. текстовые дан. (1 файл : 2,17 Мб) | |
| 260 | a | Место издания | Мурманск | |
| b | Издательство | МАУ | ||
| c | Дата издания | 2026 | ||
| 500 | a | Примечание | Доступ из локальной сети Мурман. аркт. ун-та. - Загл. с экрана | |
| 500 | a | Примечание | URL: https://elib.mauniver.ru/2026/U_26_09.pdf | |
| 500 | a | Примечание | Имеется аналог CD-ROM 2026 г. | |
| 520 | 0_ | a | Аннотация | Настоящее учебное пособие содержит теоретические сведения о становлении и развитии отечественной философии правосудия в период IX – начала XX вв. Авторы исследуют различные идейные подходы русских мыслителей, философов и правоведов, к сущности правосудия, преступления, наказания, особое внимание при этом уделяя специфике русской ментальности, мировоззрения и правосознания в историко-культурном контексте, а также этико-правовым аспектам. Предназначено для углубленной научно-теоретической подготовки обучающихся по направлению 40.04.01 "Юриспруденция" (магистратура), специальности 5.7.2 "История философии" (аспирантура), а также для всех интересующихся вопросами истории философии и права. |
| 583 | x | Служебное примечание | Юриспруденция. ВПО | |
| x | Служебное примечание | Философия. ВПО | ||
| x | Служебное примечание | Полнотекстовые документы | ||
| x | Служебное примечание | Труды преподавателей МАУ | ||
| z | Открытое примечание | 40.04.01 | ||
| z | Открытое примечание | 5.7.3 | ||
| 650 | 04 | a | Основная рубрика | Философия права-Учебные издания для высших учебных заведений |
| 653 | 0_ | a | Ключевые слова | Вече |
| a | Ключевые слова | Правосудие | ||
| a | Ключевые слова | Правосудие Древней Руси | ||
| a | Ключевые слова | Труды преподавателей МАУ | ||
| a | Ключевые слова | Философия русская | ||
| a | Ключевые слова | Философия права | ||
| a | Ключевые слова | Электронные версии | ||
| 856 | 40 | u | URL | https://elib.mauniver.ru/2026/U_26_09.pdf |
| 901 | t | Тип документа | m | |
| 952 | b | Гриф литературы для ВШ | Рекомендовано Учеб.-метод. советом МАУ | |
| c | Вид литературы | учебное пособие |